Visualizzazione normale
Vista MARC
- Sociologia della religione
di Genre/Form Term
Records bibliografici associati: 1
001 - CONTROL NUMBER
- control field: 57046
003 - CONTROL NUMBER IDENTIFIER
- control field:
005 - DATE AND TIME OF LATEST TRANSACTION
- control field: 20180506163654.0
008 - FIXED-LENGTH DATA ELEMENTS
- fixed length control field: 180506|| aca||aabn | a|a d
040 ## - CATALOGING SOURCE
- Original cataloging agency:
- Transcribing agency:
155 ## - HEADING--GENRE/FORM TERM
- Genre/form term: Sociologia della religione
- General subdivision: Valori religiosi - Influsso della religione sulla società - Secolarizzazione - Religione e cultura.
670 ## - SOURCE DATA FOUND
- Source citation: Work cat.: ()0: Timossi, Roberto Giovanni, 1953- 57044, Perché crediamo in Dio :, ©2017.